Strengthening Competencies in the Area of Sustainability in the Education of Future Accountants and Auditors
Saved in:
| Main Author: | |
|---|---|
| Format: | Book Chapter |
| Language: | English |
| Subjects: | |
| Tags: |
No Tags, Be the first to tag this record!
|
MARC
| LEADER | 00000naa$a2200000$$$4500 | ||
|---|---|---|---|
| 001 | 0305685 | ||
| 005 | 20250128102916.6 | ||
| 041 | 0 | |a eng | |
| 044 | |a SK | ||
| 245 | 1 | 0 | |a Strengthening Competencies in the Area of Sustainability in the Education of Future Accountants and Auditors |c Renáta Pakšiová |
| 500 | |a Abstrakt | ||
| 610 | 2 | 0 | |a udržateľnosť |
| 610 | 2 | 0 | |a vzdelávanie |
| 610 | 2 | 0 | |a účtovníci |
| 100 | 1 | |a Pakšiová, Renáta, 1974- | |